000 01046nam a22002897a 4500
003 St Aloysius Coll
005 20251028190716.0
008 251028b |||||||| |||| 00| 0 eng d
020 _a9789357055802
040 _cAL
041 _aEnglish
082 _a302
_bAROS
100 _aElliot Aronson
_9243049
245 _aSocial psychology
250 _a11
260 _aNoida
_bPearson
_c2024
300 _axxv, 528p.
_bPB
_c25.3x20cm.
365 _2General
_a4226
_b₹680.00
_c
_d₹850.00
_e20%
_f23/10/2025
500 _aIntroducing social psychology; Methodology; Social cognition; Social perception; The self; Cognitive dissonance and the change; Attitudes and attitude change; Conformity and Obedience; Group processes; Attractions and relationships
650 _2Sociology
_aSocial Psychology
_9243050
700 _aWilson, Timothy D
_9243051
700 _aSommers, Samuel R
_9243052
700 _aPage-Gould, Elizabeth
_9243053
700 _aJr, Neil Lewis
_9243054
700 _aTucker, Veena
_9243055
942 _2ddc
_cBK
999 _c240592
_d240592